Номын сан, мэдээллийн байгууллагад мөрдөх стандартын эмхтгэл (Бичлэгийн дугаар. 763419)

MARC дэлгэрэнгүй
000 -Удирдлага
Ном зүйн бүртгэл тоо буюу кодлох утгыг агуулсан 00926nam a22002177a 4500
008 - ЕРӨНХИЙ МЭДЭЭЛЭЛ-ЭЛЕМЕНТҮҮДИЙН ӨГӨГДЛИЙН УРТ
fixed length control field 240605b mp ||||| |||| 00| 0 mon d
035 ## - СИСТЕМИЙН ХЯНАЛТЫН ДУГААР
Системийн хяналтын дугаар 27687
040 ## - ЭХ СУРВАЛЖИЙГ ТОДОРХОЙЛОН БИЧИХ
Анхны каталогийн байгууллага DA0445040
Каталогийн хэл Монгол
Бичлэг хийж нэвтрүүлэх байгууллага MN-UlNLM
Өөрчлүүлэх байгууллага MN-UlNLM
Бичиглэлийн тодорхойлолт rda
041 ## - ХЭЛНИЙ КОД
Текстийн хэлний код/фонограм буюу салангид гарчиг Монгол
042 ## - AUTHENTICATION CODE
Authentication code 59257
084 ## - БУСАД АНГИЛЛЫН ДУГААР
Ангиллын нэр
Анги 025.0218
Зохиогчийн 3-н тэмдэгт Н.720
245 #0 - ҮНДСЭН ГАРЧИГ
Гарчиг Номын сан, мэдээллийн байгууллагад мөрдөх стандартын эмхтгэл
264 ## - ГАРАЛТЫН МЭДЭЭ
Хэвлэгдсэн газар Улаанбаатар
Бүтээгч, хэвлэгч, түгээгч, үйлдвэрлэгчийн нэр СХЗГ
Хэвлэгдсэн он 2020
300 ## - ТООНЫ МЭДЭЭ
Хуудасны тоо 180 х.
336 ## - АГУУЛГЫН ТӨРӨЛ
Нөөц rdacontent
Агуулгын төрлийн нөхцөл text
Агуулгын төрлийн код txt
337 ## - MEDIA TYPE
Эх сурвалж rdamedia
Файлын төрөл unmediated
Файлын код n
338 ## - CARRIER TYPE
Source rdacarrier
Carrier type term volume
Carrier type code nc
650 ## - Сэдэв
Сэдэв Энэхүү стандартыг номын, мэдээллийн байгууллагад мөрдөгдөх, эрдэм шинжилгээний ажлын тайлангийн мэдээллийн баазыг байгуулахтай х...
942 ## - ЭЛЕМЕНТИЙН ТӨРӨЛ
Анги Аравтын ангилал
Төрөл Ном
Захиалгууд
Буцаан татагдсан төлөв Хасагдсан шалтгаан Гэмтсэн төлөв Данс заагч Захиалах боломжгүй Үндсэн номын сан Одоогийн байршил Салбар танхим Салбар танхим Бүртгэсэн огноо Тавиурын заалт Баркод Үнэ Хамгийн сүүлд байсан огноо Нийт уншлаганд гарсан тоо Дансны дугаар Төрөл
          Дархан-Уул Дархан-Уул Дархан | Гэрээр ном олгох Дархан | Гэрээр ном олгох 2024-06-06 025.0218 / Н.720 DA04427687-4-1 100000.00 2024-06-06   45669 Ном
          Дархан-Уул Дархан-Уул Дархан | Үндсэн фонд Дархан | Үндсэн фонд 2024-06-06 025.0218 / Н.720 DA04427687-3-1 100000.00 2024-06-06   45165 Ном